مكتبة جامعة عجلون الوطنية

فهرس بحث المكتبة

الحكومات الاردنية في عهد الملك عبدالله الثاني ابن الحسين دراسة وثائقية(1999-2012) / (Record no. 33672)

MARC details
000 -LEADER
fixed length control field 00944nam a22002177a 4500
003 - CONTROL NUMBER IDENTIFIER
control field JO-AjAnu
005 - DATE AND TIME OF LATEST TRANSACTION
control field 20240909141557.0
008 - FIXED-LENGTH DATA ELEMENTS--GENERAL INFORMATION
fixed length control field 240909b jo ||||| |||| 00| 0 ara d
040 ## - CATALOGING SOURCE
Original cataloging agency JO-AjAnu
Language of cataloging ara
Transcribing agency JO-AjAnu
Description conventions rda
041 ## - LANGUAGE CODE
Language code of text/sound track or separate title ara
Language code of original ara
050 ## - LIBRARY OF CONGRESS CALL NUMBER
Classification number .JQ1833
Item number A91.U4286 2013
100 #1 - MAIN ENTRY--PERSONAL NAME
Personal name العمري، عمر صالح
9 (RLIN) 49436
Relator term مؤلف
245 #0 - TITLE STATEMENT
Title الحكومات الاردنية في عهد الملك عبدالله الثاني ابن الحسين دراسة وثائقية(1999-2012) /
Statement of responsibility, etc. تأليف عمر صالح العمري، محمد محمود العناقرة
260 ## - PUBLICATION, DISTRIBUTION, ETC.
Place of publication, distribution, etc. عمان:
Name of publisher, distributor, etc. المؤلفان،
Date of publication, distribution, etc. 2013
300 ## - PHYSICAL DESCRIPTION
Extent 584 صفحة
490 ## - SERIES STATEMENT
Series statement سلسلة الاردن اولاً ؛ 1
504 ## - BIBLIOGRAPHY, ETC. NOTE
Bibliography, etc. note يحتوي على ملاحق
650 70 - SUBJECT ADDED ENTRY--TOPICAL TERM
Topical term or geographic name entry element الحكومة - تاريخ الاردن-الاردن
9 (RLIN) 66186
700 #1 - ADDED ENTRY--PERSONAL NAME
Personal name العناقرة، محمد محمود
Relator term مؤلف مشارك
9 (RLIN) 66187
942 ## - ADDED ENTRY ELEMENTS (KOHA)
Source of classification or shelving scheme Library of Congress Classification
Koha item type Books
Suppress in OPAC No
Holdings
Withdrawn status Lost status Source of classification or shelving scheme Damaged status Not for loan Home library Current library Date acquired Total Checkouts Full call number Barcode Date last seen Price effective from Koha item type
    Library of Congress Classification     مكتبة جامعة عجلون الوطنية مكتبة جامعة عجلون الوطنية 09/09/2024   JQ1833.A91.U4286 2013 a30017 09/09/2024 09/09/2024 Books